Colleges of the University of Cambridge by Endowment - Statistics

General Stats
  • This quiz has been taken 15 times
  • The average score is 17 of 31
Answer Stats
Rank Endowment (2019) College % Correct
1 £1,286M Trinity
100%
2 £542M St John’s
85%
5 £204M Jesus
62%
12 £100M King’s
62%
3 £287M Trinity Hall
62%
9 £127M Christ’s
54%
8 £129M Clare
54%
13 £94M Corpus Christi
54%
22 £50M Downing
54%
11 £102M Emmanuel
54%
18 £61M Fitzwilliam
54%
21 £53M Girton
54%
4 £227M Gonville and Caius
54%
7 £148M Homerton
54%
30 £14M Hughes Hall
54%
30 £14M Lucy Cavendish
54%
17 £63M Magdalene
54%
20 £59M Newnham
54%
14 £80M Pembroke
54%
28 £21M Robinson
54%
15 £68M Selwyn
54%
10 £109M Churchill
46%
26 £27M Darwin
46%
23 £46M Murray Edwards
46%
5 £204M Peterhouse
46%
19 £60M Queens’
46%
25 £28M Sidney Sussex
46%
15 £68M St Catharine’s
46%
29 £18M St Edmund’s
46%
27 £26M Wolfson
46%
24 £29M Clare Hall
38%
No matching quizzes found
Score Distribution
Percent of People with Each Score
Percentile by Number Answered
Your Score History
You have not taken this quiz